000 00604cab a2200241 4500
001 X1871
008 090401t1994 xxu||||| |||| 00| 0 eng d
035 _a(Sirsi) u20070
041 _aeng
100 _aMorton, D.
245 _aHistoric sites and buildings
260 _c1994
350 _a0
490 _aBuilding Conservation Newsletter
_v(9) Summer 1994, 6-7(2)
650 _aCONSERVATION AREAS
650 _aLISTED BUILDINGS
650 _aPLANNING POLICY GUIDANCE NOTE 15
650 _aPPG15
650 _aRICS COMMENT
690 _aCONSERVATION
942 _n0
948 _c04/03/1997
999 _c13446
_d13446